LEADER 01192cam0-22004451i-450- 001 990004635070403321 005 20090922101723.0 010 $a88-15-02708-4 035 $a000463507 035 $aFED01000463507 035 $a(Aleph)000463507FED01 035 $a000463507 100 $a19990604d1990----km-y0itay50------ba 101 0 $aita 102 $aIT 105 $ay-------001yy 200 1 $aStoria economica dell'Europa pre-industriale$fCarlo M. Cipolla 205 $a4. ed. 210 $aBologna$cil Mulino$dc1990 215 $a373 p.$d21 cm 225 1 $a<>vie della civiltà 610 0 $aEuropa$aEconomia$aStoria 676 $a330.94$v21$zita 676 $aE/2 676 $aE/3 676 $aF/1.4 700 1$aCipolla,$bCarlo M.$f<1922-2000>$0300049 801 0$aIT$bUNINA$gRICA$2UNIMARC 901 $aBK 912 $a990004635070403321 952 $aE/3 CIP/N.A.$b9214$fSES 952 $aXV F2 29$b12949*$fFGBC 952 $aN0.85$fDECTS 952 $a330.94 CIP 3$bBibl.14977$fFLFBC 959 $aFLFBC 959 $aDECTS 959 $aSES 959 $aFGBC 996 $aStoria economica dell'Europa pre-industriale$965439 997 $aUNINA LEADER 00971nam0-22003251i-450- 001 990002027930403321 005 20021010 035 $a000202793 035 $aFED01000202793 035 $a(Aleph)000202793FED01 035 $a000202793 100 $a20021010d--------km-y0itay50------ba 101 0 $aita 200 1 $aMetodo unico particolareggiato per allevamento api - regine selezionate$ead uso di tutti i produttori di miele.$fGaetano Malagola 210 $aBologna$cLicinio Cappelli$d1941 215 $a130 p.$d17 cm 610 0 $aApicoltura 610 0 $aAllevamento 610 0 $aApe Regina 610 0 $aApe 676 $a595.799$a638 700 1$aMalagola,$bGaetano$0360329 801 0$aIT$bUNINA$gRICA$2UNIMARC 901 $aBK 912 $a990002027930403321 952 $a61 XIV D.5/056$b1644$fDAGEN 959 $aDAGEN 996 $aMetodo unico particolareggiato per allevamento api - regine selezionate$9404897 997 $aUNINA DB $aING01